Normal view
MARC view
- Kugler, Jacek
Entry Personal Name
001 - CONTROL NUMBER
- control field: 105320
003 - CONTROL NUMBER IDENTIFIER
- control field: NUST
005 - DATE AND TIME OF LATEST TRANSACTION
- control field: 20221220114133.0
008 - FIXED-LENGTH DATA ELEMENTS
- fixed length control field: 221220|| aca||aabn | a|a d
040 ## - CATALOGING SOURCE
- Original cataloging agency: NUST
- Transcribing agency: NUST
100 ## - HEADING--PERSONAL NAME
- Personal name: Kugler, Jacek
670 ## - SOURCE DATA FOUND
- Source citation: Work cat.: (NUST)0: The performance of nations / , c2012.
